00599nam a2200181Ia 4500008004100000020001500041041001200056082001100068100002000079245005900099250000800158260002500166300000800191650002100199942000700220999001500227952017500242221030s9999 xx 000 0 und d a8120311655 aEnglish a105.23 aA. S. Tanenbaum 0aComputer Networks ( DEPARTMENTAL )cby A. S. Tanenbaum a3rd bPHIaNew Delhic1998 a813 aCSE Departmental cBK c5613d5613 pBE 9472g195.00l2o105.23 r2025-04-10 00:00:00s2025-04-04w2022-10-30yBK003Print4070aMIETLIBbMIETLIBcBL-Departmental, FL-1, CUP-0, SH-0, R-0d2008-03-1210HBE